000 00464nam a2200169 4500
001 117177
003 ES-MaACL
005 20230906190837.0
007 t|
008 070301s1970 sp r ||||1| spa d
100 1 _aPastor Petit, D.
_989518
245 1 0 _aAnatomía del espionaje /
_cD. Pastor Petit.
250 _a[1ª ed.].
260 _aBarcelona :
_bPlaza y Janés,
_c1970.
300 _a508 p. 16 láms. ;
_c22 cm.
852 _aES-MaACL
_jC-38223
_bR.72553
999 _c117177
_d117177